| 000 | 00695nam a2200205Ia 4500 | ||
|---|---|---|---|
| 008 | 151119s9999||||xx |||||||||||||| ||und|| | ||
| 082 | _a923.254 | ||
| 082 | _bGKKV21144 | ||
| 100 | _aदातार विभा | ||
| 245 | _aश्री शिव छत्रपती विजय | ||
| 260 | _a923.254 | ||
| 260 | _bसाहित्य कलायात्री प्रकाशन | ||
| 260 | _c2001 | ||
| 300 | _a279p. | ||
| 600 | _aदातार विभा | ||
| 630 | _aश्री शिव छत्रपती विजय | ||
| 700 | _aदातार विभा | ||
| 730 | _aश्री शिव छत्रपती विजय | ||
| 942 | _cBOOK | ||
| 999 |
_c1073978 _d1073975 |
||